000
00323 a2200157 4500
001
191338
020
_a
040
_c
Magnum
100
_a
Sheikk, Luciano
240
1
0
_a
O pardal e o chapinha
_l
por
245
1
0
_a
O pardal e o chapinha
300
_a
8
362
0
_a
2010
697
_a
LITERATURA INFANTO
942
_c
BK
999
_c
191338
_d
191338